| 000 | 00451nam a2200181Ia 4500 | ||
|---|---|---|---|
| 999 |
_c57778 _d57778 |
||
| 003 | 0100 | ||
| 005 | 20171017123515.0 | ||
| 008 | 130303s9999 xx 000 0 und d | ||
| 040 | _cARRUPELIB | ||
| 050 | _aB765.T54W99 1948 | ||
| 100 |
_aWyser, Paul _937178 |
||
| 245 | _aThomas Von Aquin | ||
| 245 | _bIn Librum Boethii de Trinitate Quaestiones Quinta et Sexta | ||
| 260 | _aFribourg | ||
| 260 | _bSociete Philosophique | ||
| 300 | _a78p. | ||
| 300 | _b 22cm | ||
| 650 |
_aTrinity _xEarly works _937179 |
||
| 942 |
_2lcc _cMONOGRAPH |
||